000 01523cam a2200349 a 4500
005 20260322212053.0
008 data
010 _a 2004023982
020 _a1884995446
020 _a9781884995446
040 _aDLC
_cDLC
_dDLC
043 _an-us-ca
050 0 0 _aF869.S357
_bS64 2005
082 0 0 _a979.4/61
_222
092 _a979.4 S64 2005
100 1 _aSmith, James R.
_d1947-
_q(James Robert),
245 1 0 _aSan Francisco's lost landmarks /
_cJames R. Smith.
260 _aSanger, Calif. :
_bWord Dancer Press,
_cc2005.
300 _a236 p. :
_bill., maps ;
_c23 cm.
504 _aIncludes bibliographical references (p. [225]-226).
650 0 _aHistoric sites
_zSan Francisco.
_zSan Francisco.
650 0 _aHistoric sites
_zSan Francisco
_zSan Francisco
_vPictorial works.
651 0 _aSan Francisco (Calif.)
_xHistory.
651 0 _aSan Francisco (Calif.)
_xHistory
_vPictorial works.
651 0 _aSan Francisco (Calif.)
_xSocial life and customs.
856 4 1 _3Table of contents
_uhttp://www.loc.gov/catdir/toc/ecip052/2004023982.html
856 4 2 _3Publisher description
_uhttp://www.loc.gov/catdir/enhancements/fy0837/2004023982-d.html
906 _a7
_bcbc
_corignew
_d1
_eecip
_f20
_gy-gencatlg
925 0 _aacquire
_b2 shelf copies
_xpolicy default
955 _dlk29 2004-10-14 subj, to SL
_elh36 2004-10-15 to Dewey
_flk18 2005-09-14; to BCCD 09-14-05;
001 data
999 _c1254
_d1254